000 00255nam a22000857a 4500
008 161124b xxu||||| |||| 00| 0 eng d
100 _91377
_aCBSE
245 _aGuidlines for mathematics laboratory in schools - ix
260 _aNew delhi
_bNational book trust
_c2005
999 _c4092
_d4092